Solve the Secret Country - Statistics

General Stats
  • This quiz has been taken 284 times
  • The average score is 13 of 15
Answer Stats
Hint Answer % Correct
LTAAM Malta
99%
DIANI India
96%
DHCA Chad
95%
AYNKE Kenya
95%
DADANC Canada
93%
WNAAIT Taiwan
91%
WBABIEZM Zimbabwe
91%
DAAAGCSRAM Madagascar
88%
IZLRBA Brazil
86%
LAISMOA Somalia
80%
IDECLNA Iceland
76%
NSA RIMAON San Marino
76%
OEAIGGR Georgia
74%
AUSUISITMR Mauritius
66%
AUINRAAUG Nicaragua
52%
No matching quizzes found
Score Distribution
Percent of People with Each Score
Percentile by Number Answered
Your Score History
You have not taken this quiz